| 000 | 00796cam a22002535a 4500 | ||
|---|---|---|---|
| 001 | 010723691 | ||
| 005 | 20180305154315.0 | ||
| 008 | 000925r20001999enka fr 001 0 eng d | ||
| 020 | _a0750641010 | ||
| 020 | _a9780750641012 | ||
| 040 |
_aDLC _cDLC _dUk _dEG-ScBUE _beng |
||
| 082 | 0 | 4 |
_222 _a623.8171 _bDER |
| 100 | 1 |
_aDerrett, D. R. _q(Daniel Raymond), _d1927- |
|
| 245 | 1 | 0 |
_aShip stability for masters and mates / _cD. R. Derrett ; revised by C.B. Barrass. |
| 250 | _a5th ed. | ||
| 260 |
_aOxford : _bButterworth-Heinemann, _cc.1999 |
||
| 300 |
_avi, 447 p. : _bill. ; _c24 cm. |
||
| 500 | _aPrevious ed.: London : Stanford Maritime, 1984. | ||
| 500 | _aIncludes index. | ||
| 650 | 7 |
_aStability of ships. _2BUEsh |
|
| 653 |
_bGGEN _cMarch2018 |
||
| 700 | 1 | _aBarrass, C. B. | |
| 942 | _2ddc | ||
| 999 |
_c26243 _d26215 |
||